| 000 | 02019nam0a2200349 4500 | ||
|---|---|---|---|
| 001 | RU\NLR\bibl\1020913 | ||
| 005 | 20260405121147.0 | ||
| 010 |
_a5-230-04723-2 _9100 |
||
| 021 |
_aRU _b2006-69134 _93477 |
||
| 035 | _a(NLR Aleph) 001008452 | ||
| 090 |
_a623198 _c623198 |
||
| 100 | _a20061212d2006 |||y0rusy50 ca | ||
| 101 | 0 | _arus | |
| 102 | _aRU | ||
| 105 | _aa ||||||||| | ||
| 200 | 1 |
_aКонцепция непрерывной компьютерной подготовки студентов в КТИ ВолгГТУ _eучебное пособие _fП.В. Ольштынский, А.А. Эпов, Д.В. Медведев _gФедер. агентство по образованию, Гос. образоват. учреждение высш. проф. образования Волгогр. гос. техн. ун-т, Камышин. технол. ин-т (фил.) Волгогр. гос. технол. ун-та |
|
| 210 |
_aВолгоград _cПолитехник _d2006 |
||
| 215 |
_a35 с. _cсхем. _d21 |
||
| 320 | _aБиблиогр.: с. 16 (2 назв.) | ||
| 606 | 1 |
_aВысшие учебные заведения _jУчебные издания для высших учебных заведений _xПреподавание _xИнформационные технологии _92106703 _3RU\NLR\AUTH\661577170 |
|
| 686 | _aЧ481.231.1я73 | ||
| 700 | 1 |
_aОльштынский _bП. В. _gПавел Васильевич _4070 |
|
| 701 | 1 |
_aЭпов _bА. А. _gАлександр Александрович _4070 |
|
| 701 | 1 |
_4070 _8rus _7ca _aМедведев _bД. В. _cинженер-программист _gДенис Васильевич _3RU\NLR\auth\7747227 _930162 |
|
| 801 | 0 |
_aRU _bNLR _c20061212 _grcr |
|
| 801 | 1 |
_aRU _bNLR _c20061212 |
|
| 942 | _cBOOK | ||
| 980 | _aNB | ||
| 980 | _aNBR | ||